000 00305nam a22001337a 4500
008 171211b xxu||||| |||| 00| 0 eng d
020 _a9780815148876
041 _aeng
080 _23RD
_a615.83
100 _a8
101 _aEGZ
245 _aCARDIOPULMONARY PHYSICAL THERAPY
_cMOSBY
942 _2udc
_cBK
999 _c38863
_d38863